Tous les Tomes de Michel Vaillant - Statistiques

Statistiques générales
  • Ce quiz a été pris 138 fois
  • Le résultat moyen est 52 sur 83
Statistiques - réponses
Indice Réponse % Correct
01 Le Grand Défi
95%
09 Le retour de Steve Warson
90%
06 La Trahison de Steve Warson
85%
03 Le Circuit de la Peur
85%
24 Cauchemar
83%
05 Le 13 est au Départ
83%
67 Pour David
83%
23 Série Noire
82%
17 Le Fantôme des 24 heures
80%
14 Mach 1 pour Steve Warson
80%
41 Paris-Dakar
80%
04 Route de Nuit
80%
68 China Moon
77%
48 Irish Coffee
77%
10 L'Honneur du Samouraï
77%
47 Panique à Monaco
77%
42 300 à l'Heure dans Paris
75%
63 Cairo !
75%
49 Catégorie Poids Lourds
75%
26 Champion du Monde
75%
27 Dans l'Enfer du Safari
75%
12 Les Chevaliers de Konigsfeld
75%
11 Suspense à Indianapolis
75%
13 Concerto pour Pilotes
73%
57 La Piste de Jade
73%
51 Le Caïd de Francorchamps
73%
66 100.000.000 $ pour Steve Warson
72%
16 KM 357
72%
45 L'Homme de Lisbonne
72%
21 Massacre pour un Moteur
72%
22 Rush
72%
44 Steve & Julie
72%
19 Cinq Filles dans la Course
70%
34 K.O. pour Steve Warson
70%
50 Le défi des Remparts
70%
35 Le Galérien
70%
28 Le secret de Steve Warson
70%
46 Racing-Show
70%
25 Des Filles et des Moteurs
68%
31 Les jeunes Loups
68%
38 Steve Warson contre Michel Vaillant
68%
70 24 heures sous Influence
67%
61 La Fièvre de Bercy
67%
30 Le Prince blanc
67%
10 Pikes Peak
67%
43 Rendez-vous à Macao
67%
07 Macao
65%
20 Rodéo sur Deux Roues
65%
40 Rififi en F1
63%
60 Victoires Oubliées
63%
52 F 3000
62%
02 Le Pilote sans Visage
62%
11 Cannonball
58%
18 De l'Huile sur la Piste
58%
56 Le Maître du Monde
58%
39 Rallye sur un Volcan
58%
04 Collapsus
57%
37 L'Inconnu des 1000 Pistes
57%
06 Rébellion
57%
54 L'Affaire Bugatti
55%
53 La nuit de Carnac
55%
65 L'Épreuve
53%
33 La Silhouette en Colère
52%
62 Le Sponsor
52%
01 Au nom du Fils
50%
29 San Fransisco Circus
48%
08 13 Jours
47%
07 Les Casse-Cou
47%
Saison 1
47%
Saison 2
47%
55 Une Histoire de Fous
47%
32 La Révolte des Rois
45%
58 Paddock
45%
59 La Prisonnière
43%
64 Opération Mirage
43%
08 Le 8e Pilote
42%
15 Le Cirque infernal
38%
09 Duels
37%
05 Renaissance
33%
36 Un pilote a disparu
33%
69 Hors-Piste en Enfer
32%
02 Voltage
12%
03 Liaison Dangereuse
8%
Aucun quiz correspondant
Distribution des résultats
% des personnes avec chaque résultat
Percentile par nombre de réponses
Votre historique - résultats
Vous n’avez pas pris ce quiz